[Event "NAYCC U14 w"]
[Site "Kingston CAN"]
[Date "2019.08.19"]
[Round "7.146"]
[White "Sandoval Rivera, Alejandra"]
[Black "Qiao, Joey"]
[Result "1/2-1/2"]
[WhiteElo "1530"]
[BlackElo "1681"]
[PlyCount "74"]
[EventDate "2019.08.16"]
[EventType "swiss"]
[EventRounds "9"]
[EventCountry "CAN"]

1. d4 d5 2. Bf4 Nf6 3. e3 e6 4. Nf3 Bd6 5. Ne5 Nbd7 6. Nd2 Qe7 7. c4 dxc4 8.
Bxc4 c5 9. Nxd7 Bxd7 10. Bxd6 Qxd6 11. dxc5 Qxc5 12. O-O O-O 13. Rc1 Qb6 14.
Qb3 Qxb3 15. Nxb3 e5 16. Rfd1 Rfd8 17. Na5 b6 18. Nb7 Rf8 19. Nd6 Bg4 20. g3
Bh5 21. e4 Rfd8 22. g4 Bg6 23. h4 h5 24. g5 Ne8 25. Bd5 Rab8 26. Nc4 Rbc8 27.
Nxe5 Rxc1 28. Rxc1 Kf8 29. Nxg6+ fxg6 30. Rc6 Nd6 31. Bb3 Rd7 32. Kf1 Nf7 33.
Bxf7 Kxf7 34. Ke2 b5 35. e5 Rd5 36. f4 a5 37. a3 a4 1/2-1/2

[Event "NAYCC U14 w"]
[Site "Kingston CAN"]
[Date "2019.08.19"]
[Round "7.147"]
[White "Myrzaibraimova, Aibike"]
[Black "Parikh, Ananya"]
[Result "1-0"]
[WhiteElo "1537"]
[BlackElo "1625"]
[PlyCount "127"]
[EventDate "2019.08.16"]
[EventType "swiss"]
[EventRounds "9"]
[EventCountry "CAN"]

1. e4 c5 2. Nf3 e6 3. d4 cxd4 4. Nxd4 a6 5. Nc3 Qc7 6. Bd3 Nc6 7. Nxc6 dxc6 8.
a3 Nf6 9. Qf3 h6 10. O-O Bc5 11. Re1 e5 12. Bc4 b5 13. Bb3 Ng4 14. Nd1 O-O 15.
h3 Nf6 16. Bxh6 gxh6 17. Qxf6 Kh7 18. Ne3 Qd6 19. Qxd6 Bxd6 20. a4 b4 21. Nc4
Bc7 22. Rad1 Rg8 23. Kh1 Rg6 24. Rd3 Be6 25. Ne3 Bxb3 26. Rxb3 a5 27. Rd3 Rd8
28. Red1 Rxd3 29. Rxd3 Rd6 30. Rxd6 Bxd6 31. Kg1 Kg6 32. Nf5 Bc5 33. Kf1 h5 34.
Ke2 Kf6 35. h4 Kg6 36. f3 Kf6 37. Kd3 Kg6 38. Ne3 Bd6 39. c3 bxc3 40. Kxc3 Kf6
41. Nf5 Bf8 42. Kd3 Bc5 43. Ke2 Kg6 44. f4 f6 45. Kf3 Bb4 46. g4 hxg4+ 47. Kxg4
exf4 48. h5+ Kh7 49. Kxf4 Bd2+ 50. Kg4 Bc1 51. b3 Ba3 52. Nd4 c5 53. Nc6 Bb4
54. Kf5 Bc3 55. e5 fxe5 56. Nxe5 Kh6 57. Nd3 Kxh5 58. Nxc5 Kh4 59. Ke4 Kg4 60.
Kd3 Bb4 61. Kc4 Kf4 62. Nd3+ Ke4 63. Nxb4 axb4 64. a5 1-0

[Event "NAYCC U14 w"]
[Site "Kingston CAN"]
[Date "2019.08.19"]
[Round "7.148"]
[White "Bilodeau-Savaria, Sandy-Rose"]
[Black "Xie, Joanna"]
[Result "0-1"]
[WhiteElo "1436"]
[BlackElo "1487"]
[PlyCount "84"]
[EventDate "2019.08.16"]
[EventType "swiss"]
[EventRounds "9"]
[EventCountry "CAN"]

1. d4 d5 2. c4 c6 3. Nc3 Nf6 4. Nf3 dxc4 5. a4 Bd7 6. a5 e6 7. Ne5 Bb4 8. Nxc4
Qc7 9. Nb6 axb6 10. axb6 Qxb6 11. Rxa8 O-O 12. Ra1 c5 13. Be3 c4 14. d5 Qd6 15.
dxe6 Qxe6 16. Bd2 Qf5 17. e3 Bc6 18. f3 Qh5 19. Be2 Qh4+ 20. g3 Qh3 21. Bf1 Qh5
22. Bg2 Rd8 23. O-O Bc5 24. Qe2 Na6 25. Rad1 Nc7 26. Bc1 Re8 27. Rfe1 b5 28. f4
Ng4 29. Bxc6 Rxe3 30. Rd8+ Re8+ 31. Be3 Bxe3+ 32. Kf1 Qh3+ 33. Qg2 Qxg2+ 34.
Kxg2 Rxd8 35. Kf3 f5 36. Rxe3 Nxe3 37. Kxe3 b4 38. Na2 Rd3+ 39. Ke2 Rb3 40. Kf1
Rxb2 41. Nc1 Rb1 42. Ke2 Rxc1 0-1

[Event "NAYCC U14 w"]
[Site "Kingston CAN"]
[Date "2019.08.19"]
[Round "7.149"]
[White "Liao, Yilin"]
[Black "Shen, Isamel"]
[Result "0-1"]
[WhiteElo "1485"]
[BlackElo "1542"]
[PlyCount "88"]
[EventDate "2019.08.16"]
[EventType "swiss"]
[EventRounds "9"]
[EventCountry "CAN"]

1. e4 e5 2. Nf3 Nc6 3. Bc4 Bc5 4. c3 Nf6 5. d3 O-O 6. Bg5 Be7 7. Nbd2 d6 8. h3
Be6 9. Bb3 Nd7 10. Be3 Nc5 11. Bxc5 dxc5 12. Bxe6 fxe6 13. Qb3 Qc8 14. Nc4 Bd6
15. O-O Rb8 16. Rfe1 Qe8 17. Qd1 Qg6 18. Re3 Rf4 19. Nh2 Rbf8 20. Rf3 Be7 21.
Qe2 Bh4 22. Qe3 Qg5 23. Kh1 b6 24. Rf1 Ne7 25. Rxf4 exf4 26. Qf3 h5 27. Rg1 Ng6
28. a4 Qh6 29. Qe2 Be7 30. Nf3 Nh4 31. Nce5 Bd6 32. Nc4 Ng6 33. Rf1 Ne7 34.
Nce5 g5 35. Kg1 Qg7 36. Nc4 g4 37. hxg4 hxg4 38. Nh2 f3 39. Qe3 Bf4 40. Qe1
Bxh2+ 41. Kxh2 Qh6+ 42. Kg1 Rf7 43. Qe3 Qh4 44. Ra1 Rh7 0-1

[Event "NAYCC U14 w"]
[Site "Kingston CAN"]
[Date "2019.08.19"]
[Round "7.150"]
[White "D'Souza, Carina"]
[Black "He, Jiaqi"]
[Result "1/2-1/2"]
[WhiteElo "1273"]
[BlackElo "1483"]
[PlyCount "72"]
[EventDate "2019.08.16"]
[EventType "swiss"]
[EventRounds "9"]
[EventCountry "CAN"]

1. e4 c5 2. Nf3 Nc6 3. d4 cxd4 4. Nxd4 Nf6 5. Nc3 e5 6. Nf3 Bb4 7. Bd3 d5 8.
exd5 Nxd5 9. Bd2 Qa5 10. Nxd5 Bxd2+ 11. Qxd2 Qxd5 12. Be2 Qxd2+ 13. Nxd2 Be6
14. Bb5 O-O-O 15. Bxc6 bxc6 16. Nb3 Bf5 17. c3 Rd6 18. O-O Rhd8 19. f3 f6 20.
Kf2 Be6 21. Rfe1 g6 22. Ke3 Kb8 23. Re2 Bc4 24. Rd2 Rd3+ 25. Rxd3 Rxd3+ 26. Ke4
Rd5 27. Ke3 f5 28. Re1 Rb5 29. Kd2 Bxb3 30. axb3 Rxb3 31. Kc2 Rb5 32. c4 Rc5
33. Kc3 Ra5 34. Kb4 Ra2 35. Kb3 Ra5 36. Kb4 Ra2 1/2-1/2

[Event "NAYCC U14 w"]
[Site "Kingston CAN"]
[Date "2019.08.19"]
[Round "7.151"]
[White "Wang, Sophia"]
[Black "Szeto, Sophie"]
[Result "0-1"]
[WhiteElo "1151"]
[BlackElo "1401"]
[PlyCount "100"]
[EventDate "2019.08.16"]
[EventType "swiss"]
[EventRounds "9"]
[EventCountry "CAN"]

1. e4 c5 2. Nf3 d6 3. Bb5+ Bd7 4. Bxd7+ Qxd7 5. O-O Nc6 6. Nc3 g6 7. d3 Bg7 8.
Be3 Nf6 9. Qd2 O-O 10. h3 Rfe8 11. Bh6 Bh8 12. Qg5 Rac8 13. Rfe1 Nd4 14. Nxd4
cxd4 15. Ne2 Rxc2 16. Nxd4 Rxb2 17. Re3 Qa4 18. Rf3 Qxd4 19. Re1 Rxa2 20. e5
dxe5 21. Rxe5 Ra1+ 22. Kh2 Ng4+ 23. hxg4 Qxe5+ 24. Rf4 Qxg5 25. Bxg5 Be5 26. g3
Bxf4 27. Bxf4 Rd8 28. d4 b5 29. Bc7 Rc8 30. Bf4 b4 31. d5 b3 32. Be5 Ra2 33.
Bd4 b2 34. Bxb2 Rxb2 35. Kg2 Rcc2 36. Kf3 Rxf2+ 37. Ke3 Rbe2+ 38. Kd3 Rg2 39.
g5 Ra2 40. Kc3 Rxg3+ 41. Kb4 Rxg5 42. Kc5 Ra5+ 43. Kc4 Raxd5 44. Kb4 Rg4+ 45.
Kc3 Rh5 46. Kd3 Rh3+ 47. Ke2 Rg2+ 48. Kf1 Ra2 49. Kg1 Rb3 50. Kf1 Rb1# 0-1

[Event "NAYCC U14 w"]
[Site "Kingston CAN"]
[Date "2019.08.19"]
[Round "7.152"]
[White "Lucero, Amalie"]
[Black "Irfan, Zakia"]
[Result "1/2-1/2"]
[WhiteElo "1051"]
[BlackElo "974"]
[PlyCount "78"]
[EventDate "2019.08.16"]
[EventType "swiss"]
[EventRounds "9"]
[EventCountry "CAN"]

1. e4 e5 2. Nf3 Nf6 3. Nc3 Nc6 4. Bc4 Nxe4 5. Nxe4 d5 6. Bd3 dxe4 7. Bxe4 Bd6
8. Bxc6+ bxc6 9. d3 O-O 10. Be3 Be6 11. O-O Qf6 12. Bg5 Qg6 13. Bh4 Bh3 14. Bg3
Bg4 15. Re1 Rfe8 16. Nh4 Bxd1 17. Nxg6 f6 18. Raxd1 hxg6 19. f3 Bc5+ 20. Bf2
Bxf2+ 21. Kxf2 c5 22. Re4 Rad8 23. Ra4 Rb8 24. b3 Rb7 25. Ra5 Kf7 26. Rxc5 Rh8
27. h3 Rh5 28. Rc4 Ke6 29. Re1 Kd5 30. Ra4 c5 31. c4+ Kd4 32. Re3 Kc3 33. Ra6
g5 34. Rd6 Kb2 35. Re2+ Kc3 36. Re3 Kb2 37. Re2+ Kc3 38. Re3 Kb2 39. Re2+ Kc3
1/2-1/2

[Event "NAYCC U14 w"]
[Site "Kingston CAN"]
[Date "2019.08.19"]
[Round "7.153"]
[White "Changkachith, Alyssa"]
[Black "Irfan, Sabia"]
[Result "1-0"]
[WhiteElo "1518"]
[BlackElo "874"]
[PlyCount "107"]
[EventDate "2019.08.16"]
[EventType "swiss"]
[EventRounds "9"]
[EventCountry "CAN"]

1. Nf3 d5 2. g3 Bf5 3. Bg2 Nf6 4. O-O e6 5. d3 Bc5 6. Nbd2 Nbd7 7. b3 O-O 8.
Bb2 Re8 9. h3 e5 10. Nxe5 Nxe5 11. d4 Bd6 12. dxe5 Bxe5 13. Bxe5 Rxe5 14. Nf3
Re7 15. e3 Ne4 16. Nh4 Bg6 17. Nxg6 fxg6 18. Qd4 c6 19. Rfd1 Qf8 20. Bxe4 Rxe4
21. Qb2 Qf5 22. Rac1 Rf8 23. c4 d4 24. Rxd4 Rxd4 25. exd4 Qf3 26. Qd2 Re8 27.
Re1 Rd8 28. Re3 Qf6 29. Rd3 Qf5 30. h4 h5 31. d5 cxd5 32. Rxd5 Rxd5 33. Qxd5+
Qxd5 34. cxd5 Kf7 35. Kg2 Ke7 36. Kf3 Kd6 37. Ke4 b6 38. a4 a6 39. b4 a5 40. b5
g5 41. hxg5 g6 42. f4 Ke7 43. Ke5 Kd7 44. d6 Ke8 45. Kd5 Kd7 46. Ke5 Ke8 47.
Ke6 Kd8 48. d7 Kc7 49. Ke7 Kb7 50. d8=Q Ka7 51. Qd7+ Kb8 52. Kd6 Ka8 53. Kc6
Kb8 54. Qb7# 1-0

[Event "NAYCC U14 w"]
[Site "Kingston CAN"]
[Date "2019.08.19"]
[Round "8.143"]
[White "Wisniowski, Natalie"]
[Black "Cao, Joy"]
[Result "0-1"]
[WhiteElo "1901"]
[BlackElo "1905"]
[PlyCount "106"]
[EventDate "2019.08.16"]
[EventType "swiss"]
[EventRounds "9"]
[EventCountry "CAN"]

1. d4 Nf6 2. c4 e6 3. g3 d5 4. Nf3 dxc4 5. Bg2 Nbd7 6. O-O c5 7. Qc2 a6 8. Rd1
Be7 9. a4 O-O 10. a5 Nd5 11. Qxc4 b5 12. Qc2 Bb7 13. e4 Nb4 14. Qe2 Rc8 15. Nc3
cxd4 16. Nxd4 Qc7 17. Nb3 Bf6 18. Bf4 Ne5 19. Rac1 Qe7 20. Nd4 Rfd8 21. h3 Ned3
22. Rxd3 Nxd3 23. Qxd3 Bxd4 24. Qf1 Qb4 25. Ne2 Bxb2 26. Rb1 Qa3 27. Qe1 Rc2
28. Be3 e5 29. Bf3 Qa4 30. Rd1 Rdc8 31. Rd7 Bxe4 32. Qd1 h6 33. Bxe4 Qxe4 34.
Rd8+ Rxd8 35. Qxd8+ Kh7 36. Qd1 Qc4 37. Kf1 Bd4 38. Bd2 Ra2 39. Kg2 Ra1 40. Nc1
Bb2 41. Qf3 Bxc1 42. Qf5+ g6 43. Qxe5 Rb1 44. Bc3 Qc6+ 45. f3 f6 46. Qe7+ Kg8
47. Qd8+ Kf7 48. Qd3 Rb3 49. Qd4 Rxc3 50. Qa7+ Ke6 51. Qb8 Rc2+ 52. Kg1 Be3+
53. Kf1 Rf2+ 0-1

[Event "NAYCC U14 w"]
[Site "Kingston CAN"]
[Date "2019.08.19"]
[Round "8.144"]
[White "Ke, Rianne"]
[Black "Iver, Mantra"]
[Result "1/2-1/2"]
[WhiteElo "2062"]
[BlackElo "1708"]
[PlyCount "73"]
[EventDate "2019.08.16"]
[EventType "swiss"]
[EventRounds "9"]
[EventCountry "CAN"]

1. e4 c6 2. d4 d5 3. Nc3 dxe4 4. Nxe4 Bf5 5. Ng3 Bg6 6. h4 h6 7. Nf3 Nd7 8. h5
Bh7 9. Bd3 Bxd3 10. Qxd3 e6 11. Bf4 Qa5+ 12. Bd2 Qc7 13. O-O-O Ngf6 14. c4
O-O-O 15. Ne4 Nxe4 16. Qxe4 Nf6 17. Qe2 Bd6 18. g3 c5 19. Bc3 Qe7 20. Ne5 Rhg8
21. Rhe1 Nd7 22. Ba5 Bc7 23. Bxc7 Kxc7 24. Nf3 cxd4 25. Nxd4 a6 26. Kb1 Qc5 27.
Qf3 Nf6 28. Qf4+ Kc8 29. g4 Rge8 30. Nb3 Qc7 31. Qf3 Rxd1+ 32. Rxd1 Rd8 33.
Rxd8+ Qxd8 34. a3 Qc7 35. g5 Ng8 36. Qe4 Qe7 37. Qh7 1/2-1/2

[Event "NAYCC U14 w"]
[Site "Kingston CAN"]
[Date "2019.08.19"]
[Round "8.145"]
[White "Tsukerman, Julia"]
[Black "Myrzaibraimova, Aibike"]
[Result "1-0"]
[WhiteElo "1830"]
[BlackElo "1537"]
[PlyCount "105"]
[EventDate "2019.08.16"]
[EventType "swiss"]
[EventRounds "9"]
[EventCountry "CAN"]

1. e4 e6 2. d4 d5 3. e5 c5 4. c3 Nc6 5. Nf3 Qb6 6. Be2 cxd4 7. cxd4 Nge7 8. Nc3
Nf5 9. Na4 Bb4+ 10. Kf1 Qd8 11. a3 Ba5 12. b4 Bc7 13. g3 f6 14. exf6 Qxf6 15.
Bb2 e5 16. dxe5 Nxe5 17. Kg2 Be6 18. Bb5+ Ke7 19. Nxe5 Bxe5 20. Bxe5 Qxe5 21.
Re1 Qf6 22. Qxd5 Rhd8 23. Qxb7+ Kf8 24. Qc7 Nh4+ 25. gxh4 Bd5+ 26. Kf1 Qf3 27.
Qg3 Qh1+ 28. Qg1 Bg2+ 29. Ke2 Bf3+ 30. Ke3 Rab8 31. Qxh1 Bxh1 32. Rxh1 Rxb5 33.
Nc5 Re8+ 34. Kf3 a5 35. Rab1 axb4 36. axb4 Re7 37. Rhc1 Rb6 38. Ne4 Rh6 39.
Rc8+ Kf7 40. Ng5+ Kg6 41. Rc6+ Kh5 42. Rxh6+ gxh6 43. Ne4 Kxh4 44. b5 Kh3 45.
b6 Rb7 46. Nd6 Rd7 47. b7 Rxd6 48. b8=Q Rf6+ 49. Ke2 Re6+ 50. Kf1 Kh4 51. Qg3+
Kh5 52. Rb5+ Re5 53. Rxe5# 1-0

[Event "NAYCC U14 w"]
[Site "Kingston CAN"]
[Date "2019.08.19"]
[Round "8.146"]
[White "Qiao, Joey"]
[Black "Guo, Hazel"]
[Result "1/2-1/2"]
[WhiteElo "1681"]
[BlackElo "1508"]
[PlyCount "66"]
[EventDate "2019.08.16"]
[EventType "swiss"]
[EventRounds "9"]
[EventCountry "CAN"]

1. e4 c5 2. Nf3 d6 3. Bb5+ Bd7 4. Bxd7+ Qxd7 5. O-O Nf6 6. Re1 g6 7. c3 Bg7 8.
d3 Nc6 9. Nbd2 O-O 10. Nf1 Rac8 11. h3 b5 12. Be3 Rfd8 13. Ng3 a6 14. a3 Qb7
15. Nd2 b4 16. axb4 cxb4 17. Qb3 d5 18. cxb4 Qxb4 19. Rec1 Qxb3 20. Nxb3 Nb4
21. e5 Nd7 22. d4 Nb6 23. Bd2 Nd3 24. Rxc8 Rxc8 25. Rxa6 Nc4 26. Ra1 Nxd2 27.
Nxd2 Nxb2 28. Nb3 Nd3 29. Ne2 Bh6 30. Rd1 Nb2 31. Rb1 Nd3 32. Rd1 Nb2 33. Rb1
Nd3 1/2-1/2

[Event "NAYCC U14 w"]
[Site "Kingston CAN"]
[Date "2019.08.19"]
[Round "8.147"]
[White "Shen, Isamel"]
[Black "Sandoval Rivera, Alejandra"]
[Result "1/2-1/2"]
[WhiteElo "1542"]
[BlackElo "1530"]
[PlyCount "72"]
[EventDate "2019.08.16"]
[EventType "swiss"]
[EventRounds "9"]
[EventCountry "CAN"]

1. e4 Nf6 2. Nc3 d5 3. exd5 Nxd5 4. Bc4 Nb6 5. Bb3 Nc6 6. Nf3 Bf5 7. d4 e6 8.
h3 a6 9. O-O Be7 10. Ne2 O-O 11. c3 Na5 12. Bc2 Bxc2 13. Qxc2 Bd6 14. Bf4 Rc8
15. Rad1 Nd5 16. Bh2 Bxh2+ 17. Nxh2 b5 18. b3 Nb6 19. Qd3 Qe7 20. Ng3 Rfd8 21.
Qf3 Nd5 22. Rc1 Qf6 23. Rfd1 Qxf3 24. Nxf3 c6 25. Ne4 Nb7 26. a3 Kf8 27. Ne5
Nf4 28. Kf1 f6 29. Nf3 Ke7 30. Ne1 c5 31. Nf3 cxd4 32. Nxd4 Nc5 33. Nxc5 Rxc5
34. f3 g6 35. b4 Rc4 36. Rd2 e5 1/2-1/2

[Event "NAYCC U14 w"]
[Site "Kingston CAN"]
[Date "2019.08.19"]
[Round "8.148"]
[White "Xie, Joanna"]
[Black "Szeto, Sophie"]
[Result "1-0"]
[WhiteElo "1487"]
[BlackElo "1401"]
[PlyCount "131"]
[EventDate "2019.08.16"]
[EventType "swiss"]
[EventRounds "9"]
[EventCountry "CAN"]

1. e4 c5 2. Nf3 d6 3. c4 Nf6 4. Nc3 Nc6 5. d4 cxd4 6. Nxd4 g6 7. Be3 Bg7 8. Be2
O-O 9. O-O Bd7 10. Rc1 Rc8 11. b3 Ne5 12. h3 a6 13. Qd2 Nc6 14. Rfd1 Re8 15.
Nf3 Qa5 16. Bh6 Bh8 17. Bf4 Nh5 18. Be3 Nf6 19. Nd4 Nxd4 20. Bxd4 Bc6 21. Qd3
b5 22. cxb5 axb5 23. f3 b4 24. Nb5 Bxb5 25. Qxb5 Qxa2 26. Rxc8 Rxc8 27. Qb7 Qc2
28. Kf1 e5 29. Bf2 Qc6 30. Qxb4 d5 31. exd5 Nxd5 32. Qe4 Nf4 33. Rd8+ Kg7 34.
Qxe5+ Kh6 35. Qxf4+ Kg7 36. Bd4+ f6 37. Qxf6+ Qxf6 38. Bxf6+ Kxf6 39. Rxc8 Bg7
40. b4 Bh6 41. b5 Bf4 42. b6 Ke7 43. b7 Kd7 44. b8=Q Bxb8 45. Rxb8 Ke6 46. Rh8
h5 47. Rh6 Kf5 48. Bd3+ Kg5 49. Rxg6+ Kh4 50. g4 hxg4 51. hxg4 Kg3 52. Rf6 Kh4
53. g5 Kxg5 54. Rf8 Kh6 55. f4 Kg7 56. Ra8 Kf7 57. f5 Ke7 58. Ra6 Kf7 59. f6
Kf8 60. Bc4 Ke8 61. f7+ Kf8 62. Ra8+ Kg7 63. f8=Q+ Kh7 64. Qg8+ Kh6 65. Ra7 Kh5
66. Rh7# 1-0

[Event "NAYCC U14 w"]
[Site "Kingston CAN"]
[Date "2019.08.19"]
[Round "8.149"]
[White "Parikh, Ananya"]
[Black "He, Jiaqi"]
[Result "1-0"]
[WhiteElo "1625"]
[BlackElo "1483"]
[PlyCount "41"]
[EventDate "2019.08.16"]
[EventType "swiss"]
[EventRounds "9"]
[EventCountry "CAN"]

1. e4 e5 2. Nc3 Nf6 3. Bc4 Bc5 4. d3 h6 5. f4 d6 6. h3 Nc6 7. Na4 Bb6 8. Nxb6
axb6 9. Nf3 exf4 10. Bxf4 Qe7 11. O-O O-O 12. Qd2 Ne5 13. Bb3 Bd7 14. Bxe5 dxe5
15. Qc3 Rfe8 16. Qxc7 Qc5+ 17. Qxc5 bxc5 18. Nh4 Rad8 19. Nf5 Bc6 20. Nxh6+
gxh6 21. Rxf6 1-0

[Event "NAYCC U14 w"]
[Site "Kingston CAN"]
[Date "2019.08.19"]
[Round "8.150"]
[White "Bilodeau-Savaria, Sandy-Rose"]
[Black "D'Souza, Carina"]
[Result "0-1"]
[WhiteElo "1436"]
[BlackElo "1273"]
[PlyCount "76"]
[EventDate "2019.08.16"]
[EventType "swiss"]
[EventRounds "9"]
[EventCountry "CAN"]

1. d4 Nf6 2. c4 g6 3. Nf3 Bg7 4. Nc3 O-O 5. e4 d6 6. Be2 Nbd7 7. O-O e5 8. d5
Nc5 9. Qc2 a5 10. h3 Nh5 11. Be3 b6 12. Qd2 Bd7 13. b3 Nf4 14. Rab1 f5 15. Bxc5
bxc5 16. a3 Nxe2+ 17. Qxe2 f4 18. h4 Bg4 19. g3 Bxf3 20. Qxf3 fxg3 21. Qxg3 Rf4
22. h5 gxh5 23. f3 h4 24. Qg2 Rf6 25. Kf2 Rg6 26. Qh2 Qg5 27. Ne2 Bh6 28. Rg1
Qe3+ 29. Ke1 Qd2+ 30. Kf1 Qc2 31. Rxg6+ hxg6 32. Re1 Qxb3 33. Qh3 Rf8 34. Kg2
Qxa3 35. Rb1 Qd3 36. Qe6+ Kh8 37. Qxg6 Qxe2+ 38. Kh1 Qxf3+ 0-1

[Event "NAYCC U14 w"]
[Site "Kingston CAN"]
[Date "2019.08.19"]
[Round "8.151"]
[White "Changkachith, Alyssa"]
[Black "Wang, Sophia"]
[Result "1-0"]
[WhiteElo "1518"]
[BlackElo "1151"]
[PlyCount "141"]
[EventDate "2019.08.16"]
[EventType "swiss"]
[EventRounds "9"]
[EventCountry "CAN"]

1. Nf3 e6 2. g3 d5 3. Bg2 Nf6 4. O-O Nc6 5. d3 h6 6. Nbd2 Bc5 7. e4 O-O 8. e5
Ng4 9. Nb3 Bb6 10. d4 h5 11. h3 Nh6 12. c3 f6 13. Bxh6 gxh6 14. Qd3 Qe8 15.
Rae1 f5 16. Nh4 Ba5 17. Kh2 Kg7 18. Bf3 Qe7 19. Bxh5 Qg5 20. Be2 Rg8 21. f4 Qe7
22. Rg1 Kh7 23. Nf3 Bd7 24. g4 Bb6 25. g5 h5 26. Nh4 Be8 27. Qd1 Kg7 28. Bxh5
Bxh5 29. Qxh5 Rh8 30. Qg6+ Kf8 31. Nf3 Qd7 32. Qf6+ Kg8 33. g6 Rf8 34. Qg5 Kg7
35. h4 Rh6 36. Rg3 Ne7 37. h5 Qe8 38. Rh3 Rfh8 39. Qf6+ Kg8 40. Qxe6+ Kg7 41.
Qf6+ Kg8 42. Qg5 Nxg6 43. Rg1 Kf8 44. Qf6+ Qf7 45. Qxf7+ Kxf7 46. Rxg6 Rxh5 47.
Rf6+ Kg7 48. Rxh5 Rxh5+ 49. Kg3 Rh6 50. Rxh6 Kxh6 51. Ng5 c6 52. e6 Bd8 53.
Nf7+ Kg7 54. Nxd8 Kf6 55. Nc5 b6 56. Ncb7 Ke7 57. Kh4 Kf6 58. Kh5 c5 59. dxc5
bxc5 60. Nxc5 a5 61. a4 d4 62. cxd4 Ke7 63. Ncb7 Kf6 64. d5 Ke7 65. Kg6 Ke8 66.
Nxa5 Kxd8 67. Kf7 Kc7 68. e7 Kb6 69. e8=Q Kc7 70. Qc6+ Kd8 71. Nb7# 1-0

[Event "NAYCC U14 w"]
[Site "Kingston CAN"]
[Date "2019.08.19"]
[Round "8.152"]
[White "Irfan, Zakia"]
[Black "Irfan, Sabia"]
[Result "1-0"]
[WhiteElo "974"]
[BlackElo "874"]
[PlyCount "53"]
[EventDate "2019.08.16"]
[EventType "swiss"]
[EventRounds "9"]
[EventCountry "CAN"]

1. d4 d5 2. e3 Bf5 3. c4 e6 4. Nc3 Bb4 5. Qb3 Bxc3+ 6. Qxc3 Ne7 7. Nf3 Nbc6 8.
Bd2 a5 9. cxd5 Qxd5 10. Bc4 Qd6 11. Bd3 Bxd3 12. Qxd3 e5 13. Qc3 e4 14. Ne5
Nxe5 15. dxe5 Qc6 16. O-O-O O-O 17. Qxc6 Nxc6 18. f4 Nb4 19. Bxb4 axb4 20. Kb1
Rfd8 21. Rxd8+ Rxd8 22. Kc1 h6 23. Rd1 Ra8 24. Kb1 c5 25. Rd7 Rb8 26. Rd5 b6
27. Kc2 1-0

[Event "NAYCC U14 w"]
[Site "Kingston CAN"]
[Date "2019.08.19"]
[Round "8.153"]
[White "Lucero, Amalie"]
[Black "Liao, Yilin"]
[Result "0-1"]
[WhiteElo "1051"]
[BlackElo "1485"]
[PlyCount "94"]
[EventDate "2019.08.16"]
[EventType "swiss"]
[EventRounds "9"]
[EventCountry "CAN"]

1. e4 d5 2. e5 Bf5 3. d4 e6 4. Nf3 a6 5. Nc3 Bb4 6. Bd2 Nc6 7. a3 Ba5 8. g3 Bg4
9. h3 Bxf3 10. Qxf3 Nxd4 11. Qd3 Nc6 12. h4 Nge7 13. h5 Nf5 14. g4 Nfd4 15.
O-O-O Qd7 16. Bg5 Bb6 17. Na4 Nxe5 18. Qe3 Qxa4 19. Rxd4 Qxd4 20. Qe2 Nc4 21.
c3 Qxf2 22. Qxf2 Bxf2 23. Bxc4 dxc4 24. Rd1 f6 25. Bf4 e5 26. Rd2 exf4 27. Rxf2
O-O-O 28. Rxf4 b5 29. a4 Kb7 30. axb5 axb5 31. Rf5 Kc6 32. Kc2 Rhe8 33. Rf2 Re4
34. Rg2 Rde8 35. Kb1 Re1+ 36. Kc2 R1e2+ 37. Rxe2 Rxe2+ 38. Kc1 Rg2 39. Kb1 Rxg4
40. Ka2 Rh4 41. Ka3 Kc5 42. Ka2 Rh1 43. b4+ cxb3+ 44. Kxb3 Rxh5 45. Kc2 Kc4 46.
Kb1 Kxc3 47. Kc1 Rh1# 0-1

[Event "NAYCC U14 w"]
[Site "Kingston CAN"]
[Date "2019.08.19"]
[Round "9.143"]
[White "Cao, Joy"]
[Black "Guo, Hazel"]
[Result "0-1"]
[WhiteElo "1905"]
[BlackElo "1508"]
[PlyCount "62"]
[EventDate "2019.08.16"]
[EventType "swiss"]
[EventRounds "9"]
[EventCountry "CAN"]

1. e4 e6 2. d4 d5 3. Nc3 dxe4 4. Nxe4 Bd7 5. Nf3 Bc6 6. Bd3 Nd7 7. O-O Ngf6 8.
Nxf6+ Qxf6 9. Be2 Bd6 10. Re1 O-O 11. Bg5 Qg6 12. Qd2 h6 13. Be3 b6 14. c4 Bb7
15. b4 Rad8 16. Rac1 Be7 17. c5 Bd5 18. Bf4 e5 19. dxe5 Nxe5 20. Qe3 Bxf3 21.
Bxf3 Nxf3+ 22. Qxf3 Bf6 23. Bxc7 Rd4 24. cxb6 axb6 25. Bxb6 Bg5 26. Bxd4 Bxc1
27. Rxc1 Rd8 28. Be3 Qa6 29. Re1 Qc4 30. Qf4 Qc3 31. Rc1 Qxc1+ 0-1

[Event "NAYCC U14 w"]
[Site "Kingston CAN"]
[Date "2019.08.19"]
[Round "9.144"]
[White "Ke, Rianne"]
[Black "Xie, Joanna"]
[Result "1-0"]
[WhiteElo "2062"]
[BlackElo "1487"]
[PlyCount "91"]
[EventDate "2019.08.16"]
[EventType "swiss"]
[EventRounds "9"]
[EventCountry "CAN"]

1. e4 e5 2. Nf3 Nc6 3. Bb5 a6 4. Ba4 Nf6 5. O-O Be7 6. Re1 b5 7. Bb3 O-O 8. h3
d6 9. c3 Nb8 10. d4 Nbd7 11. Nbd2 Re8 12. Bxf7+ Kxf7 13. Ng5+ Kg8 14. Ne6 Bb7
15. Nxd8 Raxd8 16. d5 c6 17. dxc6 Bxc6 18. f3 Nc5 19. Qc2 Kh8 20. Nf1 Nh5 21.
Be3 Ne6 22. Rad1 Nhf4 23. Bxf4 Nxf4 24. Ne3 g6 25. Kh2 Nh5 26. g3 Rf8 27. Rf1
Bg5 28. Nd5 Rf7 29. Qd3 Kg7 30. Qe2 Rdf8 31. Nb4 Bb7 32. Rxd6 Ra8 33. Rfd1 Nf6
34. h4 Bh6 35. Rd8 Rxd8 36. Rxd8 Nd7 37. Qd1 Nf8 38. Kg2 Rf6 39. Rb8 Rf7 40.
Qd6 Rf6 41. Rxb7+ Rf7 42. Rxf7+ Kxf7 43. Nd5 Bg7 44. Qxa6 h6 45. Qxb5 h5 46. a4
1-0

[Event "NAYCC U14 w"]
[Site "Kingston CAN"]
[Date "2019.08.19"]
[Round "9.145"]
[White "Iver, Mantra"]
[Black "Tsukerman, Julia"]
[Result "1/2-1/2"]
[WhiteElo "1708"]
[BlackElo "1830"]
[PlyCount "172"]
[EventDate "2019.08.16"]
[EventType "swiss"]
[EventRounds "9"]
[EventCountry "CAN"]

1. e4 c5 2. Nf3 d6 3. d4 cxd4 4. Nxd4 Nf6 5. Nc3 a6 6. h3 e5 7. Nde2 Be6 8. g4
Nbd7 9. g5 Nh5 10. Bg2 f6 11. Bf3 Bf7 12. h4 h6 13. Be3 hxg5 14. hxg5 g6 15.
Ng3 fxg5 16. Nxh5 gxh5 17. Bxh5 Bxh5 18. Rxh5 Rg8 19. Qd5 Nf6 20. Qe6+ Qe7 21.
Qxe7+ Bxe7 22. Rxg5 Kd7 23. O-O-O Rxg5 24. Bxg5 Rg8 25. Bh4 Rg4 26. Bxf6 Bxf6
27. Kd2 Bd8 28. Kd3 Rf4 29. Rf1 Bh4 30. f3 Bd8 31. Nd5 Rf7 32. f4 exf4 33. Rxf4
Rxf4 34. Nxf4 Bf6 35. c3 Bg5 36. Nd5 Bc1 37. b3 Bh6 38. Kc4 Bg7 39. Nf4 Kc6 40.
Ne6 Bf6 41. Nd4+ Kc7 42. Kd5 Kd7 43. c4 b6 44. b4 Bg5 45. c5 bxc5 46. bxc5 dxc5
47. Kxc5 Be3 48. Kd5 Bd2 49. e5 a5 50. e6+ Ke7 51. Nc6+ Ke8 52. Nd4 Bb4 53. Nb5
Ke7 54. Na7 Ke8 55. Kc4 Ke7 56. Kd5 Ke8 57. Nb5 Ke7 58. a3 Bd2 59. Nd4 Bc1 60.
Nb5 Bd2 61. Ke5 Bc1 62. a4 Bd2 63. Na7 Bc3+ 64. Kf5 Bd2 65. Nc6+ Ke8 66. Kf6
Bc3+ 67. Ne5 Bb4 68. Ng6 Bc3+ 69. Kf5 Bb4 70. Ke4 Ba3 71. Kd4 Bb4 72. Kc4 Bd2
73. Kb5 Bb4 74. Ne5 Ke7 75. Nc6+ Kxe6 76. Nxb4 axb4 77. Kxb4 Kd6 78. Kb5 Kc7
79. Ka6 Kb8 80. Kb6 Ka8 81. a5 Kb8 82. Ka6 Ka8 83. Kb6 Kb8 84. a6 Ka8 85. Kc7
Ka7 86. Kc6 Kxa6 1/2-1/2